1001 INVENTIONS THAT CHANGED THE WORLD (Record no. 1161131)

MARC details
000 -LEADER
fixed length control field 00293nam a2200121Ia 4500
008 - FIXED-LENGTH DATA ELEMENTS--GENERAL INFORMATION
fixed length control field 240521s2013 xx 000 0 und d
020 ## - INTERNATIONAL STANDARD BOOK NUMBER
International Standard Book Number 978-93-5009-685-7
041 ## - LANGUAGE CODE
Language code of text/sound track or separate title eng
100 ## - MAIN ENTRY--PERSONAL NAME
Personal name CHALLONER JACK
245 ## - TITLE STATEMENT
Title 1001 INVENTIONS THAT CHANGED THE WORLD
260 ## - PUBLICATION, DISTRIBUTION, ETC.
Date of publication, distribution, etc. 2013
300 ## - PHYSICAL DESCRIPTION
Extent 960

No items available.